00384 2200133 4500001002100000005001500021035002000036245008700056100001800143300003000161260003300191082001000224084001600234INLIS00000000000037520260408081705 a0010-04260000031 aTata cara Shalat & Ziarah Kubur :bBuku tatanan untuk anak shaleh /cImam Turmudzi0 aImam Turmudzi a128hlm. :bilus ;c24 cm. aSurabaya :bDua Media,c2016 a297.1 a297.1 IMA t